000 00442nam a2200157Ia 4500
008 160316s1998 xxu||||| |||| 00| 0 eng d
082 _a923.200000
_bBHA
100 _aBharathi K S
245 _aEncyclopaedia of eminent thinkers : The political thought of Vivekananda
250 _a
260 _aNew Delhi
_bConcept Publishing Co.
_c1998
300 _a107p
_b
_c
365 _bRs.250
650 _a1.Biography - Vivekananda
700 _a
_a
999 _c13666
_d13666